| 000 | 00520nam a2200181Ia 4500 | ||
|---|---|---|---|
| 003 | OSt | ||
| 005 | 20200919114112.0 | ||
| 008 | 191128s2000 ck a gr 000 0 spa d | ||
| 020 | _a9588089069 | ||
| 040 |
_aCO-JMCR _cCO-JMCR |
||
| 041 | _aspa | ||
| 082 | 0 | 4 |
_aR / _b036 D545d |
| 245 | 0 | _aDiccionario enciclopédico ilustrado / | |
| 260 |
_aBogotá : _bCasa Editorial El Tiempo, _c2000 |
||
| 300 |
_a656 páginas : _bilustraciones a color, _c28 cm. |
||
| 650 | 1 | 4 |
_aEnciclopedias y diccionarios _92047 |
| 942 |
_2ddc _cBK |
||
| 999 |
_c4423 _d4423 |
||